Fisiognomonía / (Registro nro. 12987)
[ vista simple ]
| 000 -LIDER | |
|---|---|
| fixed length control field | 00635nam a22001937a 4500 |
| 003 - IDENTIFICACDOR DE NÚMERO DE CONTROL | |
| control field | DO-SdBNP |
| 005 - DATE AND TIME OF LATEST TRANSACTION | |
| control field | 20171205091552.0 |
| 008 - ELEMENTOS DE LONGITUD FIJA | |
| fixed length control field | 171121b 1975 mx a ||||| |||| 00| 0 spa d |
| 040 ## - FUENTE DE CATALOGACIÓN | |
| Agencia que crea de manera original el registro | BPMSU |
| Idioma de catalogación | spa |
| Agencia que realiza la transcripción | BPMSU |
| 092 ## - LOCALLY ASSIGNED DEWEY DECIMAL CALL NUMBER | |
| Número de clasificación | xxxx |
| Número de ítem (Cutter) | xxxx |
| 100 1# - ASIENTO PRINCIPAL -- NOMBRE PERSONAL | |
| Nombre personal | Jagot, Paul C. |
| 245 10 - MENCIÓN DE TITULO | |
| Título | Fisiognomonía / |
| Mención de responsabilidad | Paul C. Jagot ; traducción del francés : Beatriz Zapata Romero. |
| 260 ## - PUBLICACIÓN, DISTRIBUCIÓN, ETC. (PIE DE IMPRENTA) | |
| Lugar de publicación, distribución, etc | México, D.F. : |
| Nombre del editor, distribuidor, etc. | Gómez y Hnos. Editores, |
| Fecha de publicación, distribución, etc | 1975. |
| 300 ## - DESCRIPCIÓN FÍSICA | |
| Extensión | 127 p. : |
| Otros detalles físicos | il. ; |
| Dimensiones | 21 cm. |
| 700 10 - ASIENTO SECUNDARIO -- NOMBRE PERSONAL | |
| Nombre personal | Zapata Romero, Beatriz, |
| Mención de responsabilidad | tr. |
| 942 ## - ADDED ENTRY ELEMENTS (KOHA) | |
| Source of classification or shelving scheme | Dewey Decimal Classification |
| Koha item type | Libros |
| 945 ## - INFORMACIÓN DE PROCESAMIENTO LOCAL | |
| Información de procesamiento local | inventariado extranjero / DG |
| 956 ## - LOCAL ELECTRONIC LOCATION AND ACCESS (OCLC) | |
| Nombre de host | LOPEREZ |
| Número de acceso | 10 |
| Información de compresión | 20171121 |
| Procesador de solicitud | 0041 |
| Instrucción | BPMSU |
| Withdrawn status | Lost status | Source of classification or shelving scheme | Damaged status | Not for loan | Collection code | Home library | Current library | Date acquired | Source of acquisition | Total Checkouts | Barcode | Date last seen | Price effective from | Koha item type |
|---|---|---|---|---|---|---|---|---|---|---|---|---|---|---|
| Dewey Decimal Classification | Colección General | Biblioteca Pública Metropolitana Salomé Ureña | Biblioteca Pública Metropolitana Salomé Ureña | 11/21/2017 | Donación | BPMSU17110301 | 11/21/2017 | 11/21/2017 | Libros |